| 000 | 00850nam a22001937a 4500 | ||
|---|---|---|---|
| 999 |
_c217412 _d217412 |
||
| 008 | 201130b ||||| |||| 00| 0 eng d | ||
| 040 |
_bger _cDE-2950 _erda _aDE-2950 |
||
| 041 | _ager | ||
| 100 | _aSchröder, Karen: | ||
| 245 |
_aZuwendung statt Strafe. _bDas Erziehungsheim "Am Urban" bot verwahrlosten Kindern aus der rasant gewachsenen Industriemetropole Berlin über Generationen einen sicheren Halt und Chance für einen Neustart .../ _cKaren Schröder |
||
| 490 |
_aBrandenburger Blätter _v12./13.06.2021 |
||
| 653 | _aBerlin-Zehlendorf | ||
| 653 | _aErziehungsheim | ||
| 773 |
_dFrankfurt (Oder): Märkisches Verlags- und Druckhaus GmbH & Co KG _g32. Jahrgang (2021) Nr. 134 vom 12./13..06.2021, Journal am Wochenende, S. 5 _tMärkische Oderzeitung |
||
| 942 | _cA | ||